Law Firm or Fashion Brand? - Statistics

General Stats
  • This quiz has been taken 34 times
  • The average score is 11 of 15
Answer Stats
Question Answer % Correct
Abercrombie & Fitch Fashion Brand
97%
Rag & Bone Fashion Brand
88%
Helmut Lang Fashion Brand
81%
Kirkland & Ellis Law Firm
81%
Cravath, Swaine & Moore Law Firm
81%
Debevoise & Plimpton Law Firm
78%
Marks & Spencer Fashion Brand
75%
Hogan Lovells Law Firm
75%
Brooks Brothers Fashion Brand
72%
Winston & Strawn Law Firm
72%
Holland & Knight Law Firm
69%
Ropes & Gray Law Firm
63%
Jones Day Law Firm
53%
Gieves & Hawkes Fashion Brand
50%
Johnston & Murphy Fashion Brand
22%
No matching quizzes found
Score Distribution
Percent of People with Each Score
Percentile by Number Answered
Your Score History
You have not taken this quiz